000 00747nam a2200181 a 4500
008 080829s2008 ||||||||||||||||| || u
020 _a9780821374580
050 _aIBRD(06)CS/2008/1
110 _aWorld Bank
245 1 0 _aSchool and work in the eastern caribbean: does the education system adequately prapare youth for the global economy?
260 _aWashington, D.C.
_bWorld Bank
_c2008
300 _a10, 76p. ill
350 _a0.00
490 _aWorld Bank Country Study
650 _aMANPOWER POLICY--CARIBBEAN AREA
650 _aEDUCATION -- CARIBBEAN AREA
995 _D0.00
_FCBU-MAIN LIBRARY (Kitwe)
_H1
_I0.00
_M1
_UAVAILABLE
_WSep 2, 2008
_ZInternational Publications
999 _c57051
_d57051